书目信息 |
| 题名: |
乡村景观规划设计创新研究
|
|
| 作者: | 郭雨 , 梅雨 , 杨丹晨 著 | |
| 分册: | ||
| 出版信息: | 北京 应急管理出版社 2020.9 |
|
| 页数: | 252页 | |
| 开本: | 24cm | |
| 丛书名: | ||
| 单 册: | ||
| 中图分类: | TU983 | |
| 科图分类: | ||
| 主题词: | 乡村规划--景观规划--景观设计--研究 | |
| 电子资源: | ||
| ISBN: | 978-7-5020-8260-4 | |
| 000 | 01210nam0 2200289 45 | |
| 001 | 012001001180 | |
| 005 | 20140913093941.0 | |
| 010 | @a978-7-5020-8260-4@dCNY65.00 | |
| 100 | @a20201231d2020 em y0chiy50 ea | |
| 101 | 0 | @achi |
| 102 | @aCN@b110000 | |
| 105 | @aa z 000yy | |
| 106 | @ar | |
| 200 | 1 | @a乡村景观规划设计创新研究@Axiang cun jing guan gui hua she ji chuang xin yan jiu@b专著@f郭雨,梅雨,杨丹晨著 |
| 210 | @a北京@c应急管理出版社@d2020.9 | |
| 215 | @a252页@c图@d24cm | |
| 300 | @a并列题名:Research on rural landscape planning & design innovation | |
| 312 | @a封面英文题名:Research on rural landscape planning & design innovation | |
| 330 | @a本书从乡村景观及规划的基本理论入手,对影响乡村景观规划的因素、国内外研究成果等进行了分析,并探讨乡村农业、居住区等景观规划的方法及应用,挖掘乡村景观的资源价值,改善和恢复乡村的生态环境,营造美好的乡村生活环境。 | |
| 510 | 1 | @aResearch on rural landscape planning & design innovation@zeng |
| 606 | 0 | @a乡村规划@x景观规划@x景观设计@x研究 |
| 690 | @aTU983@v5 | |
| 701 | 0 | @a郭雨@Aguo yu@4著 |
| 701 | 0 | @a梅雨@Amei yu@4著 |
| 701 | 0 | @a杨丹晨@Ayang dan chen@4著 |
| 801 | 0 | @aCN@bBJSDL@c20211011 |
| 905 | @b1333354-7@dTU983@e1900@f4 | |
| 乡村景观规划设计创新研究/郭雨,梅雨,杨丹晨著.-北京:应急管理出版社,2020.9 |
| 252页:图;24cm |
| 并列题名:Research on rural landscape planning & design innovation |
| ISBN 978-7-5020-8260-4:CNY65.00 |
| 本书从乡村景观及规划的基本理论入手,对影响乡村景观规划的因素、国内外研究成果等进行了分析,并探讨乡村农业、居住区等景观规划的方法及应用,挖掘乡村景观的资源价值,改善和恢复乡村的生态环境,营造美好的乡村生活环境。 |
| ● |
| 相关链接 |
|
|
|
|
正题名:乡村景观规划设计创新研究
索取号:TU983/1900
 
预约/预借
| 序号 | 登录号 | 条形码 | 馆藏地/架位号 | 状态 | 备注 |
| 1 | 1333354 | 213333542 | 第二样本阅览室/ [索取号:TU983/1900] | 在馆 | |
| 2 | 1333355 | 213333551 | 第三借阅区/ [索取号:TU983/1900] | 在馆 | |
| 3 | 1333356 | 213333560 | 第三借阅区/ [索取号:TU983/1900] | 在馆 | |
| 4 | 1333357 | 213333579 | 第三借阅区/ [索取号:TU983/1900] | 在馆 |